AH International Schools' Libraries

LEGO Star Wars in 100 scenes / (Record no. 40690)

MARC details
000 -LEADER
fixed length control field 00873pam a2200265 i 4500
001 - CONTROL NUMBER
control field 017036192
003 - CONTROL NUMBER IDENTIFIER
control field Uk
005 - DATE AND TIME OF LATEST TRANSACTION
control field 20200127120148.0
008 - FIXED-LENGTH DATA ELEMENTS--GENERAL INFORMATION
fixed length control field 141209s2015 enka j 001|0|eng|d
015 ## - NATIONAL BIBLIOGRAPHY NUMBER
National bibliography number GBB512220
Source bnb
016 7# - NATIONAL BIBLIOGRAPHIC AGENCY CONTROL NUMBER
Record control number 017036192
Source Uk
020 ## - INTERNATIONAL STANDARD BOOK NUMBER
International Standard Book Number 9780241189429 (hbk.) :
Terms of availability £14.99
040 ## - CATALOGING SOURCE
Original cataloging agency StDuBDS
Language of cataloging eng
Transcribing agency StDuBDS
Modifying agency Uk
Description conventions rda
042 ## - AUTHENTICATION CODE
Authentication code ukblcatcopy
082 04 - DEWEY DECIMAL CLASSIFICATION NUMBER
Classification number 791.4375
Edition number 23
100 1# - MAIN ENTRY--PERSONAL NAME
Personal name Lipkowitz, Daniel,
Relator term author.
9 (RLIN) 59106
245 10 - TITLE STATEMENT
Title LEGO Star Wars in 100 scenes /
Statement of responsibility, etc written by Daniel Lipkowitz.
260 ## - PUBLICATION, DISTRIBUTION, ETC. (IMPRINT)
Place of publication, distribution, etc London :
Name of publisher, distributor, etc Dorling Kindersley Limited,
Date of publication, distribution, etc 2015.
300 ## - PHYSICAL DESCRIPTION
Extent 215 pages :
Other physical details illustrations (colour) ;
Dimensions 29 cm
500 ## - GENERAL NOTE
General note Includes index.
500 ## - GENERAL NOTE
General note Formerly CIP.
Institution to which field applies Uk
650 #0 - SUBJECT ADDED ENTRY--TOPICAL TERM
Topical term or geographic name as entry element Star Wars films
Form subdivision Pictorial works
-- Juvenile literature.
9 (RLIN) 74591
650 #0 - SUBJECT ADDED ENTRY--TOPICAL TERM
Topical term or geographic name as entry element LEGO toys
Form subdivision Pictorial works
-- Juvenile literature.
9 (RLIN) 74592
942 ## - ADDED ENTRY ELEMENTS (KOHA)
Source of classification or shelving scheme
Holdings
Withdrawn status Lost status Source of classification or shelving scheme Damaged status Not for loan Home library Current library Date acquired Total Checkouts Total Renewals Full call number Barcode Date last seen Date checked out Price effective from Koha item type
          Logos International School Logos International School 01/27/2020 42 1 J 791.4375 LIP 39052262 04/03/2026 04/01/2026 01/27/2020 Book

For any Logos Library related questions please contact Miss Art at swongnarasuk@asianhope.org.

For any Asian Hope Library related questions please contact Miss Raza at graza@asianhope.org.

Powered by Koha